Mastering MATLAB-7 (Record no. 23978)

000 -LEADER
fixed length control field 00582nam a22002177a 4500
003 - CONTROL NUMBER IDENTIFIER
control field Nust
005 - DATE AND TIME OF LATEST TRANSACTION
control field 20190925164143.0
008 - FIXED-LENGTH DATA ELEMENTS--GENERAL INFORMATION
fixed length control field 140429b xxu||||| |||| 00| 0 eng d
020 ## - INTERNATIONAL STANDARD BOOK NUMBER
International Standard Book Number 8129711532
038 ## - RECORD CONTENT LICENSOR
Staff Name Nusrat Nadeem
040 ## - CATALOGING SOURCE
Original cataloging agency DLC
Language of cataloging DLC
Transcribing agency RCMS
082 ## - DEWEY DECIMAL CLASSIFICATION NUMBER
Classification number 510.285 HAN
100 ## - MAIN ENTRY--PERSONAL NAME
Personal name Hanselman,Duane
9 (RLIN) 712
245 ## - TITLE STATEMENT
Title Mastering MATLAB-7
260 ## - PUBLICATION, DISTRIBUTION, ETC.
Place of publication, distribution, etc. India
Name of publisher, distributor, etc. Pearson Education
Date of publication, distribution, etc. c2005
300 ## - PHYSICAL DESCRIPTION
Extent xi,864 p:
Other physical details ill:
Dimensions 26,cm.
538 ## - SYSTEM DETAILS NOTE
Display text Supercomputing Lab
650 ## - SUBJECT ADDED ENTRY--TOPICAL TERM
Topical term or geographic name entry element Electrical & Computer Engineering
9 (RLIN) 713
856 ## - ELECTRONIC LOCATION AND ACCESS
Materials specified Table of Content Only
942 ## - ADDED ENTRY ELEMENTS (KOHA)
Source of classification or shelving scheme
Koha item type Book
Holdings
Withdrawn status Lost status Source of classification or shelving scheme Damaged status Not for loan Permanent Location Current Location Shelving location Date acquired Total Checkouts Full call number Barcode Date last seen Date last checked out Price effective from Koha item type Total Renewals
          NUST Baluchistan Campus (NBC) NUST Baluchistan Campus (NBC) General Stacks 04/29/2014 2 510.285HAN RCMS000407 04/24/2018 09/26/2017 04/29/2014 Book  
          NUST Baluchistan Campus (NBC) NUST Baluchistan Campus (NBC) General Stacks 04/29/2014 1 510.285HAN RCMS000408 04/17/2018 03/05/2018 04/29/2014 Book  
          NUST Baluchistan Campus (NBC) NUST Baluchistan Campus (NBC) General Stacks 04/29/2014   510.285HAN RCMS000409 04/29/2014   04/29/2014 Book  
          NUST Baluchistan Campus (NBC) NUST Baluchistan Campus (NBC) General Stacks 05/23/2014 2 510.285HAN RCMS001517 03/17/2021 02/15/2019 05/23/2014 Book 3
          NUST Baluchistan Campus (NBC) NUST Baluchistan Campus (NBC) General Stacks 05/23/2014 1 510.285HAN RCMS001518 01/02/2018 09/05/2014 05/23/2014 Book  
© 2023 Central Library, National University of Sciences and Technology. All Rights Reserved.